Cleveland Show Characters by Picture - Statistics

General Stats
  • This quiz has been taken 23 times
  • The average score is 9 of 16
Answer Stats
Picture Answer % Correct
Cleveland
100%
Cleveland Jr
88%
Donna
88%
Rallo
82%
Robert
71%
Roberta
65%
Tim
65%
Lester
47%
Arianna
41%
Cookie
41%
Federline
41%
Holt
41%
Terry
41%
Kendra
35%
Auntie Momma
29%
Freight Train
24%
No matching quizzes found
Score Distribution
Percent of People with Each Score
Percentile by Number Answered
Your Score History
You have not taken this quiz